000 00632nai a2200181Ia 4500
003 IN-BaIIA
008 211028c9999 xx s 000 0 eng d
022 _a1007-0214 (Online)
040 _cIIA Library
245 0 _aTsinghua Science and Technology
_h[eJournal]
260 _aBeijing, China
_bTsinghua University Press(TUP)
310 _aBimonthly
362 _a1(1); 1996 - Present
521 _bSubscribed through National Knowledge Resource Consortium (NKRC)
650 _aComputing and Processing
_948785
856 _uhttps://ieeexplore.ieee.org/servlet/opac?punumber=5971803
_yClick Here to Access eJournal
942 _cEJ
999 _c35846
_d35846